[Event "GER S4G1 enginefrei email"]
[Site "GER email"]
[Date "2016.02.29"]
[Round "?"]
[White "Bender, Sebastian"]
[Black "Woll, Uwe"]
[Result "0-1"]
[WhiteElo "1715"]
[BlackElo "1965"]
[PlyCount "82"]
[EventDate "2016.03.07"]
[EventType "tourn (corr)"]
[EventRounds "6"]
[EventCountry "GER"]
[SourceTitle "Corr 2020"]
[Source "ChessBase"]
[SourceDate "2019.09.30"]
[SourceVersion "1"]
[SourceVersionDate "2019.09.30"]
[SourceQuality "1"]

1. e4 e6 2. d4 d5 3. Nd2 c5 4. exd5 exd5 5. Ngf3 a6 6. Be2 Nf6 7. 0-0 Be7 8. dxc5 Bxc5 9. Nb3 Bb6 10. Bg5 0-0 11. c3 Re8 12. Nfd4 h6 13. Bh4 Nc6 14. Bf3 g5 15. Bg3 Ne4 16. Bxe4 dxe4 17. Nxc6 Qxd1 18. Raxd1 bxc6 19. Rd6 Re6 20. Rfd1 f5 21. Rxe6 Bxe6 22. Be5 e3 23. fxe3 Bxe3+ 24. Kh1 Bd5 25. Re1 Bb6 26. Bd4 Rb8 27. Bxb6 Rxb6 28. Kg1 Kf7 29. Re2 Bxb3 30. axb3 Rxb3 31. Kf2 Kf6 32. Ke3 Rb5 33. Kd4 Rd5+ 34. Kc4 f4 35. b4 g4 36. Ra2 Kf5 37. Rxa6 f3 38. gxf3 gxf3 39. Ra8 Kf4 40. Rf8+ Ke3 41. Re8+ Kf2 0-1

[Event "Berlin Lichtenberger op 8th"]
[Site "Berlin"]
[Date "2009.08.18"]
[Round "4"]
[White "Scheide, Helmut"]
[Black "Bender, Sebastian"]
[Result "0-1"]
[WhiteElo "1971"]
[BlackElo "2031"]
[PlyCount "116"]
[EventDate "2009.08.15"]
[EventType "swiss"]
[EventRounds "9"]
[EventCountry "GER"]
[SourceTitle "CBM 131 Extra"]
[Source "ChessBase"]
[SourceDate "2009.09.03"]
[SourceVersion "2"]
[SourceVersionDate "2009.09.16"]
[SourceQuality "1"]

1. d4 d5 2. Nf3 Nf6 3. c4 c6 4. e3 Bf5 5. Nc3 e6 6. Qb3 Qb6 7. Qxb6 axb6 8. Nh4 Bg6 9. Nxg6 hxg6 10. Bd2 Nbd7 11. Be2 dxc4 12. Bxc4 b5 13. Bb3 b4 14. Ne2 Ne4 15. Rd1 Be7 16. Bc1 Ra5 17. Nf4 g5 18. Ne2 g4 19. h3 Rah5 20. Nf4 R5h6 21. Rg1 g5 22. f3 gxf4 23. fxe4 gxh3 24. gxh3 fxe3 25. Bxe3 Rxh3 26. Bf4 R8h4 27. Rf1 Rg4 28. Bc2 Nf6 29. Rd3 Rxd3 30. Bxd3 Rg2 31. Rf2 Rg1+ 32. Rf1 Rg2 33. Rf2 Rg1+ 34. Rf1 Rxf1+ 35. Kxf1 Kd7 36. Ke2 Ne8 37. Kd2 Bd6 38. Be3 b6 39. Kc2 c5 40. Bb5+ Kd8 41. Bg5+ Be7 42. Bxe7+ Kxe7 43. Bxe8 Kxe8 44. dxc5 bxc5 45. Kd3 Kd7 46. Kc4 Kd6 47. a4 bxa3 48. bxa3 f5 49. exf5 exf5 50. a4 f4 51. a5 f3 52. Kd3 Kc6 53. Ke3 Kb5 54. Kxf3 Kxa5 55. Ke2 Kb4 56. Kd2 Kb3 57. Kc1 Kc3 58. Kb1 Kd2 0-1